Auditing: Principles and practice (Record no. 211108)

MARC details
000 -LEADER
fixed length control field 00373nam a2200157Ia 4500
008 - FIXED-LENGTH DATA ELEMENTS--GENERAL INFORMATION
fixed length control field 230917s9999||||xx |||||||||||||| ||und||
040 ## - CATALOGING SOURCE
-- 58699
Original cataloging agency VIVEKANANDA LIBRARY
041 ## - Language
-- English
082 ## - DDC NUMBER
Classification number 657.45 D441A
100 ## - MAIN ENTRY--PERSONAL NAME
Personal name Paula, F C De
245 #0 - TITLE STATEMENT
Title Auditing: Principles and practice
250 ## - EDITION STATEMENT
Edition statement 15th ed.
260 ## - PUBLICATION, DISTRIBUTION, ETC. (IMPRINT)
Place of publication, distribution, etc London
Name of publisher, distributor, etc ELBS
Date of publication, distribution, etc 1976
300 ## - PHYSICAL DESCRIPTION
Pages 274 p.
942 ## - ADDED ENTRY ELEMENTS (KOHA)
Koha item type Books
Holdings
Withdrawn status Lost status Damaged status Not for loan Location (home branch) Sublocation or collection (holding branch) Date acquired Koha issues (times borrowed) Koha full call number Accession No. Koha date last seen Koha item type
        VIVEKANANDA LIBRARY VIVEKANANDA LIBRARY 30/12/2002   657.45 D441A 73955 17/09/2023 Books
© Designed and Maintained by Vivekananda Library, MDU Rohtak